Skąd pochodzą Polscy piłkarze? - Statystyki

Ogólne statystyki
  • Ten quiz został rozwiązany 145 razy
  • Średni wynik to 8 z 15
Statystyki odpowiedzi
Zagadnienie Odpowiedź % Poprawnych
Skąd pochodzi Robert Lewandowski Warszawa
92%
Skąd pochodzi Wojciech Szczęsny Warszawa
86%
Skąd pochodzi Kamil Grosicki Szczecin
85%
Skąd pochodzi Zbigniew Boniek Bydgoszcz
73%
Skąd pochodzi Jakub Błaszczykowski Truskolasy
68%
Skąd pochodzi Tomasz Frankowski Białystok
56%
Skąd pochodzi Kazimierz Deyna Starogard Gdański
56%
Skąd pochodzi Jerzy Dudek Rybnik
55%
Skąd pochodzi Sebastian Mila Koszalin
54%
Skąd Pochodzi Łukasz Fabiański Kostrzyń nad Odrą
47%
Skąd pochodzi Maciej Żurawski Poznań
46%
Skąd pochodzi Arkadiusz Milik Tychy
37%
Skąd pochodzi Władysław Żmuda Lublin
31%
Skąd pochodzi Grzegorz Lato Malbork
30%
Skąd pochodzi Włodzimierz Lubański Gliwice
18%
Nie znaleziono quizów pasujących do podanych kryteriów
Rozkład punktacji
Procent ludzi z każdym wynikiem
Percentyl według liczby udzielonych odpowiedzi
Twoja historia wyników
Nie rozwiązałeś tego quizu